CCNP1 : Advanced Routing Lab Companion

Sparad:
Bibliografiska uppgifter
Institutionell upphovsman: Cisco Networking Academy Program
Materialtyp: Bok
Språk:Undetermined
Publicerad: United States Cisco Press 2004
Ämnen:
Taggar: Lägg till en tagg
Inga taggar, Lägg till första taggen!
Thư viện lưu trữ: Trung tâm Học liệu Trường Đại học Cần Thơ
LEADER 00564nam a2200205Ia 4500
001 CTU_88208
008 210402s9999 xx 000 0 und d
020 |c 453000 
082 |a 004.6 
082 |b C118 
110 |a Cisco Networking Academy Program 
245 0 |a CCNP1 : 
245 0 |b Advanced Routing Lab Companion 
245 0 |c Cisco Networking Academy Program 
260 |a United States 
260 |b Cisco Press 
260 |c 2004 
650 |a Routers (computer networks) 
904 |i Năm 
980 |a Trung tâm Học liệu Trường Đại học Cần Thơ